FRENCH FOOD AND DRINKS - Statistiques

Statistiques générales
  • Ce quiz a été pris 303 fois
  • Le résultat moyen est 11 sur 15
Statistiques - réponses
Hint Réponse % Correct
FROMAGE CHEESE
98%
CHOCOLAT CHAUD HOT CHOCOLATE
92%
BUERRE BUTTER
89%
LAIT MILK
87%
POULET CHICKEN
86%
OEUF EGG
86%
JUS D'ORANGE ORANGE JUICE
85%
GLACE ICE-CREAM
81%
JAMBON HAM
79%
TOMATES TOMATOES
76%
DE L'EAU MINERALE MINERAL WATER
66%
CREPE PANCAKE
53%
COCA COCACOLA
48%
YAOURTS YOGHURT
34%
DIABOLO-MENTHE PEPPERMINT SODA
3%
Aucun quiz correspondant
Distribution des résultats
% des personnes avec chaque résultat
Percentile par nombre de réponses
Votre historique - résultats
Vous n’avez pas pris ce quiz